00939nam a2200205 a 450000100060000000300090000600800410001502000130005604000280006911000140009724500260011126000530013730000130019049000230020350000250022650504400025165000180069165000110070965000130072014376CO-ViMGA141112s2004 ck r 000 u spa d a11352817 aCO-ViMGAbspacCO-ViMGA aWANCEULEN10aFUTBOL CARTILLA - 7o. aSevilla.España.Editorial deportiva S, cL.1997 a78.p.il. aCuadernos tecnicos aFecha : ABRIL - 1997 aFútbol base La intuición y el principio de iniciativa Juegos seleccionados para el entrenamiento tecnico - tactico Trabajo microzonal y escalonamiento defensivo Estructura espacial en el fútbol base Evaluación de la resistencia Estrategia en la práctica Factores que condicionan el aprendizaje motor Problemas del sistema cardio - vascular en la práctica físico - deportiva : Arritmias, Taquicardia paroxística y soplos14aENTRENAMIENTO14aFUTBOL14aTECNICAS